Statistics for Consumption of coffee, tea, and alcohol by country

Click here to take the quiz!

General Stats

  • This quiz has been taken 118 times
  • The average score is 6 of 10

Answer Stats

BeverageAnswer% Correct
VodkaRussia
96%
WhiskeyFrance
84%
Fruit JuiceGermany
84%
WineItaly
83%
CoffeeFinland
56%
MilkFinland
56%
TeaTurkey
52%
BeerCzech Republic
40%
SodaUnited States
22%
RumDominican Republic
20%

Score Distribution

Percentile by Number Answered

Percent of People with Each Score

Your Score History

You have not taken this quiz